Представление документа в формате RUSMARC

ПолеНазваниеЗначение
  Тип записи a
  Библиографический уровень a
001 Контрольный номер RU/CBS_UL/BASE/648954300
005 Дата корректировки 20240209175244.7
100 Данные общей обработки __
a Данные общей обработки 20200725d2020 ||| 0rusy0189 ca
101 Язык документа 0_
a Язык текста rus
102 Страна публикации __
a Страна публикации RU
105 Кодированные данные (монография) __
a Кодированные данные (монография) y###||||000|y
181 Поле кодированных данных: вид содержания _1
a Код вида содержания (ISBD) i#
b Код характеристики содержания (ISBD) #xxe##
d i
g x
h x
i e
2 Код системы (источник кода, отличный от ISBD) isbdcontent
182 Поле кодированных данных: тип средства _1
a Код типа средства (ISBD) n
2 Код системы (источник кода, отличный от ISBD) isbdmedia
200 Заглавие и сведения об ответственности 1_
a Заглавие "Растения иногда дают поразительный эффект..."
b Общее обозначение материала Текст
e Сведения, относящиеся к заглавию [отрывок из книги К. Трескунова "Записки фитотерапевта: наблюдения, размышления о лечении травами", в котором приводятся примеры использования травяных сборов в лечении внутренних заболеваний]
f Первые сведения об ответственности К. Трескунов
g Последующие сведения об ответственности подгот. В. Тарутина
w Текст (визуальный) : непосредственный
203 Вид содержания и тип средства __
a Вид содержания Текст
b Характеристика содержания визуальный
c Тип средства непосредственный
300 Общие примечания __
a Общие примечания Продолж. Начало: № 9-10
333 Примечание о целевом назначении __
a Примечание о целевом назначении 12+
461 Уровень набора _0
1 2000
a Физкультура и спорт
463 Уровень физической единицы _0
1 001RU/CBS_UL/BASE/642967472
1 2000
a № 11
v С. 25
1 210
d 2019
606 Тематические рубрики 0_
a Основная рубрика Фитотерапия
610 Ключевые слова 0_
a Ключевые слова фитотерапия
a Ключевые слова травяные сборы
a Ключевые слова горец птичий
a Ключевые слова птичий горец
a Ключевые слова спорыш
a Ключевые слова почечные колики
a Ключевые слова печеночные колики
a Ключевые слова эффективность лечения
686 Индексы других классификаций __
a Классификационный индекс 53.52
2 Код системы rubbk
700 Автор _1
a Фамилия Трескунов
b Имя (инициалы) К.
801 Источник записи _0
a Страна RU
b Организация МБУК ЦБС г. Ульяновска
c Дата составления 20200725
g Правила каталогизации RCR
801 Источник записи _1
a Страна RU
b Организация МБУК ЦБС г. Ульяновска
c Дата составления 20200725
g Правила каталогизации RCR
901 Тип документа __
t Тип документа b
w Контрольный № источника RU/CBS_UL/BASE/642967472
910 Корректоры записи __
a Корректор записи Библиотека 1-2
938 Служебная информация __
a Имя БД period